| 000 -LEADER |
| fixed length control field |
03148cam a2200373 a 4500 |
| 001 - CONTROL NUMBER |
| control field |
16373371 |
| 005 - DATE AND TIME OF LATEST TRANSACTION |
| control field |
20250416153849.0 |
| 008 - FIXED-LENGTH DATA ELEMENTS--GENERAL INFORMATION |
| fixed length control field |
100803s2011 xxka b 001 0 eng d |
| 010 ## - LIBRARY OF CONGRESS CONTROL NUMBER |
| LC control number |
2010934047 |
| 020 ## - INTERNATIONAL STANDARD BOOK NUMBER |
| International Standard Book Number |
1849807922 |
| 020 ## - INTERNATIONAL STANDARD BOOK NUMBER |
| International Standard Book Number |
9781849807920 |
| 035 ## - SYSTEM CONTROL NUMBER |
| System control number |
(OCoLC)ocn671870145 |
| 040 ## - CATALOGING SOURCE |
| Original cataloging agency |
YDXCP |
| Transcribing agency |
YDXCP |
| Modifying agency |
LOA |
| -- |
CDX |
| -- |
RID |
| -- |
BWX |
| -- |
WCL |
| -- |
DLC |
| 042 ## - AUTHENTICATION CODE |
| Authentication code |
lccopycat |
| 043 ## - GEOGRAPHIC AREA CODE |
| Geographic area code |
ma----- |
| -- |
a------ |
| -- |
f------ |
| 050 00 - LIBRARY OF CONGRESS CALL NUMBER |
| Classification number |
HG3368.A6 |
| Item number |
F68 2011 |
| 082 ## - DEWEY DECIMAL CLASSIFICATION NUMBER |
| Classification number |
332.1091767 |
| Author Mark |
FOU |
| 245 04 - TITLE STATEMENT |
| Title |
The foundations of Islamic banking : |
| Remainder of title |
theory, practice and education / |
| Statement of responsibility, etc. |
edited by Mohamed Ariff, Munawar Iqbal. |
| 260 ## - PUBLICATION, DISTRIBUTION, ETC. |
| Place of publication, distribution, etc. |
Cheltenham, UK ; |
| -- |
Northampton, MA ; |
| Name of publisher, distributor, etc. |
Edward Elgar, |
| Date of publication, distribution, etc. |
c2011. |
| 300 ## - PHYSICAL DESCRIPTION |
| Extent |
xiii, 283 p. : |
| Other physical details |
ill. ; |
| Dimensions |
25 cm. |
| 504 ## - BIBLIOGRAPHY, ETC. NOTE |
| Bibliography, etc. note |
Includes bibliographical references and index. |
| 505 0# - FORMATTED CONTENTS NOTE |
| Formatted contents note |
Introduction to Islamic financial institutions / Mohamed Ariff, Munawar Iqbal -- Ethics-based financial transactions : an assessment of Islamic banking / Mohamed Ariff -- Ethical principles in Islamic business and banking transactions / Mervyn K. Lewis -- Adapting understanding of riba to Islamic banking : some developments / Abdullah Saeed -- Development, history and prospects of Islamic banking / Ishaq Bhatti, Maria Bhatti -- Corporate governance and Islamic banks / Michael T. Skully -- Performance of Islamic banks and conventional banks / Mohamed Ariff, Mohammad K. Badar, Shamsher M., Taufiq Hassan -- Shariʼaah-consistent investment vehicles in Malaysia / Kabir Hassan, Eric Girard -- Takaful insurance : concept, history, and development challenges / Syed Othman Alhabshi, Shaikh Hamzah Razak -- Usury and its critics : from the Middle Ages to modernity / Constant Mews, Adrian Walsh -- Riba and interest in Islamic banking : an historical review / Raquib Zaman --Tensions in Christian financial ethics : an historical overview / Ibrahim Abraham -- Human capital development in Islamic finance : initiatives and challenges / Syed Hamid Aljunid. |
| 520 ## - SUMMARY, ETC. |
| Summary, etc. |
Examines the roots of the principles of ethical Islamic financial transactions, which have evolved over several millennia, on issues including usury, interest rates, and financial contracting for funding enterprises, mortgages, leasing and other transactions. Regulatory and governance issues are discussed, and the practice and operation of Islamic financial institutions are explained via three distinct case studies. The final chapter looks at what steps are being taken to provide professional accreditation to Islamic banking professional personnel and prescribes requirements for training in this growing industry. From publisher description. |
| 650 #0 - SUBJECT ADDED ENTRY--TOPICAL TERM |
| Topical term or geographic name entry element |
Banks and banking |
| Geographic subdivision |
Islamic countries. |
| 9 (RLIN) |
10170 |
| 650 #0 - SUBJECT ADDED ENTRY--TOPICAL TERM |
| Topical term or geographic name entry element |
Finance |
| Geographic subdivision |
Islamic countries. |
| 9 (RLIN) |
37604 |
| 650 #0 - SUBJECT ADDED ENTRY--TOPICAL TERM |
| Topical term or geographic name entry element |
Banks and banking |
| General subdivision |
Religious aspects |
| -- |
Islam. |
| 9 (RLIN) |
10171 |
| 650 #0 - SUBJECT ADDED ENTRY--TOPICAL TERM |
| Topical term or geographic name entry element |
Banking law (Islamic law) |
| 9 (RLIN) |
128711 |
| 650 #0 - SUBJECT ADDED ENTRY--TOPICAL TERM |
| Topical term or geographic name entry element |
Finance |
| General subdivision |
Religious aspects |
| -- |
Islam. |
| 700 0# - ADDED ENTRY--PERSONAL NAME |
| Personal name |
Mohamed Ariff, |
| Dates associated with a name |
1942- |
| 9 (RLIN) |
128712 |
| 700 1# - ADDED ENTRY--PERSONAL NAME |
| Personal name |
Iqbal, Munawar. |
| 9 (RLIN) |
128713 |
| 906 ## - LOCAL DATA ELEMENT F, LDF (RLIN) |
| a |
7 |
| b |
cbc |
| c |
copycat |
| d |
2 |
| e |
ncip |
| f |
20 |
| g |
y-gencatlg |
| 942 ## - ADDED ENTRY ELEMENTS (KOHA) |
| Source of classification or shelving scheme |
|
| Koha item type |
Book |